| 000 | 00439nam a22001697a 4500 | ||
|---|---|---|---|
| 999 |
_c529058 _d529058 |
||
| 003 | NUST | ||
| 020 | _c(Hbk) | ||
| 038 | _aMSOHAIL | ||
| 082 | _a891.4393 | ||
| 100 |
_aRaza Ali Abidi _916605 |
||
| 245 |
_a (جان صاحب (کہانیاں _cRaza Ali Abidi |
||
| 260 |
_aLahore : _bSang e Meel Publications, _c2009. |
||
| 300 |
_a111 p. ; _c25cm |
||
| 880 |
_6100-01\r _aرضا علی عابدی |
||
| 880 | _6245-02\r | ||
| 942 |
_2ddc _cBK |
||